=LDR 00000nam 2200000 4500 =001 INLIS000000000031628 =005 20151215152906.0 =006 =007 =008 ind =035 ##$$0010-061300000031628 =041 ##$$a ind =082 ##$$a 425.076 =090 ##$$a 425.076, Tes t =245 ##$$a Test Your English Grammar, 425 Soal Disertai Jawaban =260 ##$$a 2009 $b Jakarta =300 ##$$a v,273 hlm, 21 cm =650 ##$$a Bahasa Inggris-Tata Bahasa =700 ##$$a Mohammad, Memed =850 ##$$a NBPNMAT =990 ##$$a 91284/BPAP-NTB/2014 =990 ##$$a 92464/BPAP-NTB/2014